[Event "Agarr's SC Free for All 2"]
[Site "SchemingMind.com"]
[Date "2006.04.24"]
[Round "-"]
[White "MatdeInverses"]
[Black "jlowrey"]
[Result "1-0"]
[WhiteCountry "USA"]
[BlackCountry "USA"]
[WhiteElo "1956"]
[WhiteRD "47"]
[BlackElo "1584"]
[BlackRD "138"]
[GameID "47846"]

1. e4 c5 2. c3 e6 3. d4 d5 4. e5 Qb6 5. Nf3 Nc6 6. Bd3 Bd7 7. dxc5 Bxc5 8. O-O f6 9. b4 Be7 10. Bf4 fxe5
11. Nxe5 Nxe5 12. Bxe5 Bf6 13. Qh5+ Ke7 14. Nd2 Bxe5 15. Qxe5 Nf6 16. Nf3 Raf8 17. Rfe1 h6 18. Nh4 Kd8 19. Qb8+ Bc8 20. Nf3 Nd7
21. Qg3 Rf7 22. Nd4 Re7 23. a4 e5 24. Nf5 Rf7 25. Nxg7 e4 26. Bxe4 dxe4 27. Rxe4 Qxf2+ 28. Qxf2 Rxf2 29. Kxf2 Nf6 30. Rd1+ Kc7
31. Re7+ Kb8 32. h3 Rf8 33. Kg1 Ng8 34. Re3 Rf7 35. Nh5 Ne7 36. Ng3 Rg7 37. c4 Nc6 38. b5 Na5 39. c5 Nc4 40. Rc3 Nb2
41. Rd4 Rg5 42. a5
1-0

[Event "Agarr's SC Free for All 2"]
[Site "SchemingMind.com"]
[Date "2006.04.25"]
[Round "-"]
[White "welsh-rarebit"]
[Black "jlowrey"]
[Result "0-1"]
[WhiteCountry "WLS"]
[BlackCountry "USA"]
[WhiteElo "1295"]
[WhiteRD "77"]
[BlackElo "1584"]
[BlackRD "138"]
[GameID "47848"]

1. e4 c5 2. d4 cxd4 3. Qxd4 Nc6 4. Qd5 Nf6 5. Qf5 Nd4 6. Qc5 Qb6 7. Qc3 Nxe4 8. Qd3 Nxf2 9. Kxf2 Nxc2+ 10. Ke2 Nxa1
11. Nc3 g6 12. Nd5 Qc5 13. Bf4 d6 14. Qe4 Bf5 15. Qf3 e6 16. Nf6+ Ke7 17. Ne4 Qb5+ 18. Ke1 Qb4+ 19. Kf2 Bxe4 20. Qd1 Qxb2+
21. Ne2 e5 22. Bd2 Qxa2 23. Nc3 Qb2 24. Nxe4 Qd4+ 25. Ke1 Qxe4+ 26. Kf2 Nc2 27. Bg5+ f6 28. Bd3 Qd4+ 29. Ke2 Qg4+ 30. Kd2 Qxg2+
31. Kc3 Rc8+ 32. Bc4 Na3 33. Bxf6+ Kxf6 34. Rf1+ Ke7 35. Rf7+ Kd8 36. Rxf8+ Rxf8 37. Qxd6+ Ke8 38. Qxe5+ Kd7 39. Qe6+ Kc7 40. Bd5 Kb8+
41. Kb4 Qb2+ 42. Bb3 Rf4+ 43. Ka5 Rc5#
0-1

[Event "Agarr's SC Free for All 2"]
[Site "SchemingMind.com"]
[Date "2006.04.25"]
[Round "-"]
[White "Ivancic"]
[Black "Zugzwang"]
[Result "1-0"]
[WhiteCountry "AUS"]
[BlackCountry "CAN"]
[WhiteElo "1768"]
[WhiteRD "107"]
[BlackElo "1585"]
[BlackRD "69"]
[GameID "47860"]

1. e4 e5 2. Nf3 Nf6 3. Nc3 Bb4 4. d3 d6 5. a3 Bxc3+ 6. bxc3 O-O 7. Be2 c5 8. O-O Nc6 9. Bg5 h6 10. Bh4 Qb6
11. Bxf6 gxf6 12. Nh4 Kh8 13. Bg4 Bxg4 14. Qxg4 Rg8 15. Qf5 Qd8 16. f4 Qe7 17. fxe5 Nxe5 18. Qxf6+ Qxf6 19. Rxf6 Kg7 20. Rxd6 Ng4
21. Nf5+ Kh7 22. h3 Ne5 23. Rxh6#
1-0

[Event "Agarr's SC Free for All 2"]
[Site "SchemingMind.com"]
[Date "2006.04.25"]
[Round "-"]
[White "Ivancic"]
[Black "agarr"]
[Result "0-1"]
[WhiteCountry "AUS"]
[BlackCountry "RUS"]
[WhiteElo "1768"]
[WhiteRD "107"]
[BlackElo "1711"]
[BlackRD "66"]
[GameID "47861"]

1. e4 e5 2. Nf3 Nc6 3. d4 exd4 4. Bc4 h6 5. O-O Bc5 6. c3 dxc3 7. Bxf7+ Kxf7 8. Qd5+ Kf8 9. Qxc5+ d6 10. Qh5 Nf6
11. Qb5 cxb2 12. Bxb2 Nxe4 13. Re1 a6 14. Qc4 Bf5 15. Nc3 Nxc3 16. Bxc3 Qd7 17. Nh4 Ne7 18. Qf4 g5 19. Qd4 Rh7 20. Qf6+ Rf7
21. Qxh6+ Ke8 22. Qxg5 Be6 23. Re3 Qb5 24. Qxb5+ axb5 25. Rxe6 Kd7 26. Re2 c5 27. a3 Nd5 28. Bb2 Rf4 29. g3 Rfa4 30. Ree1 c4
31. Rec1 Rc8 32. Bd4 c3 33. Nf5 c2 34. Ne3 Rxd4 35. Nxd5 Rxd5 36. Kg2 Rdc5 37. Ra2 d5 38. Kf1 d4 39. Ke2 Rc3 40. Rb2 d3+
41. Kd2 R8c5 42. Rxb5 Rxb5 43. Kxc3 Rb1 44. Kd2 Kd6 45. Rxc2 dxc2 46. Kxc2 Rf1 47. f4 Rf2+ 48. Kd3 Rxh2 49. Ke4 Ke6 50. g4 Kf6
51. f5 Kg5 52. Ke5 Re2+ 53. Kd6 Kf6 54. a4 Ra2
0-1

[Event "Agarr's SC Free for All 2"]
[Site "SchemingMind.com"]
[Date "2006.04.25"]
[Round "-"]
[White "Ivancic"]
[Black "lacus66"]
[Result "1-0"]
[WhiteCountry "AUS"]
[BlackCountry "HUN"]
[WhiteElo "1768"]
[WhiteRD "107"]
[BlackElo "1586"]
[BlackRD "111"]
[GameID "47862"]

1. e4 e5 2. Nf3 Nf6 3. Nc3 Bb4 4. d3 d5 5. Bd2 Bxc3 6. Bxc3 O-O 7. Qd2 Nc6 8. O-O-O d4 9. Bb4 Nxb4 10. Qxb4 Qd6
11. Qxd6 cxd6 12. h3 d5 13. exd5 Nxd5 14. Nxe5 f6 15. Nf3 Nb4 16. a3 Nd5 17. Nxd4 Bd7 18. g3 Rfe8 19. Bg2 Bc6 20. Nxc6 bxc6
21. Bxd5+ cxd5 22. Rhe1 Re5 23. Rxe5 Rd8 24. Re7
1-0

[Event "Agarr's SC Free for All 2"]
[Site "SchemingMind.com"]
[Date "2006.04.25"]
[Round "-"]
[White "Ivancic"]
[Black "MatdeInverses"]
[Result "0-1"]
[WhiteCountry "AUS"]
[BlackCountry "USA"]
[WhiteElo "1768"]
[WhiteRD "107"]
[BlackElo "1956"]
[BlackRD "47"]
[GameID "47863"]

1. e4 e5 2. Nf3 d5 3. Nc3 dxe4 4. Nxe4 f5 5. Nc3 Bd6 6. d3 Nc6 7. Bg5 Nf6 8. a3 Be6 9. Be2 Qe7 10. Qd2 h6
11. Bxf6 Qxf6 12. b4 e4 13. dxe4 fxe4 14. Ng1 Bf4
0-1

[Event "Agarr's SC Free for All 2"]
[Site "SchemingMind.com"]
[Date "2006.04.25"]
[Round "-"]
[White "Ivancic"]
[Black "welsh-rarebit"]
[Result "1-0"]
[WhiteCountry "AUS"]
[BlackCountry "WLS"]
[WhiteElo "1768"]
[WhiteRD "107"]
[BlackElo "1295"]
[BlackRD "77"]
[GameID "47865"]

1. d4 d5 2. c4 dxc4 3. Nf3 Nc6 4. e3 Na5 5. Bxc4 Be6 6. Bxe6 fxe6 7. Ne5 Qd5 8. Qa4+ c6 9. f3 g6 10. Nc3 Qd8
11. b4 b5 12. Qxa5 Qc8 13. Nxb5 Bg7 14. Nc7+ Kf8 15. Nxa8 Qxa8 16. Ba3 Nf6 17. b5 Nd5 18. e4 Nf4 19. Bxe7+ Kxe7 20. Qc7+ Kf6
21. Ng4+ Kg5 22. Qxg7 Nh5 23. Qh6+ Kh4 24. g3+ Kh3 25. O-O Qf8 26. Nf2#
1-0

[Event "Agarr's SC Free for All 2"]
[Site "SchemingMind.com"]
[Date "2006.04.25"]
[Round "-"]
[White "Ivancic"]
[Black "jlowrey"]
[Result "0-1"]
[WhiteCountry "AUS"]
[BlackCountry "USA"]
[WhiteElo "1768"]
[WhiteRD "107"]
[BlackElo "1584"]
[BlackRD "138"]
[GameID "47867"]

1. d4 f5 2. e4 fxe4 3. Nc3 Nf6 4. Bg5 c6 5. Bxf6 exf6 6. Nxe4 Bb4+ 7. c3 d5 8. Ng3 Qe7+ 9. Kd2 Ba5 10. Qe2 Be6
11. Re1 Kf7 12. Nf5 Qd7 13. Nxg7 Kxg7 14. Qxe6 Qxe6 15. Rxe6 Kf7 16. Re3 Nd7 17. b4 Bc7 18. Kc2 b5 19. a3 a5 20. Kb3 Bf4
21. Rf3 axb4 22. axb4 Ra1 23. Nh3 Bd2 24. Kc2 Ra2+ 25. Kd3 Rha8 26. Nf4 Bxc3 27. Rh3 Bxb4 28. Ke3 Bd2+ 29. Kf3 Bxf4 30. Rxh7+ Ke6
31. g3 Bd2 32. Bh3+ f5 33. Bxf5+ Kxf5 34. Rxd7 Ke6 35. Rb7 Ra1 36. Rxa1 Rxa1 37. h4 Ra3+ 38. Kg2 Bc3 39. g4 Bxd4 40. f3 Ra7
41. Rb8 Be5 42. Rb6 Kd7
0-1

[Event "Agarr's SC Free for All 2"]
[Site "SchemingMind.com"]
[Date "2006.04.25"]
[Round "-"]
[White "Zugzwang"]
[Black "Ivancic"]
[Result "0-1"]
[WhiteCountry "CAN"]
[BlackCountry "AUS"]
[WhiteElo "1585"]
[WhiteRD "69"]
[BlackElo "1768"]
[BlackRD "107"]
[GameID "47868"]

1. d4 Nf6 2. Nf3 d5 3. e3 e6 4. Bd3 c5 5. c3 Nc6 6. O-O c4 7. Bc2 Bd6 8. Nbd2 O-O 9. Qe2 Re8 10. e4 dxe4
11. Nxe4 b5 12. Nxf6+ gxf6 13. Qe4 Qc7 14. Qxh7+ Kf8 15. Bh6+ Ke7 16. Bg6 Nd8 17. Rfe1 Bb7 18. Nh4 Kd7 19. Bxf7 Re7 20. Bxe6+ Nxe6
21. Qf5 Rh8 22. Ng6 Qc6 23. d5 Qxd5 24. Qxd5 Bxd5 25. Nxh8 Rh7 26. g3 Rxh8 27. Bg7 Nxg7 28. Rad1 Kc6 29. b4 Ne6 30. h4 Bf3
31. Rd2 Ng5 32. Kh2 Rxh4+
0-1

[Event "Agarr's SC Free for All 2"]
[Site "SchemingMind.com"]
[Date "2006.04.25"]
[Round "-"]
[White "agarr"]
[Black "Ivancic"]
[Result "0-1"]
[WhiteCountry "RUS"]
[BlackCountry "AUS"]
[WhiteElo "1711"]
[WhiteRD "66"]
[BlackElo "1768"]
[BlackRD "107"]
[GameID "47869"]

1. e4 e5 2. Nf3 Nc6 3. Bc4 Nf6 4. O-O Bc5 5. d3 h6 6. Be3 Bxe3 7. fxe3 d6 8. Nc3 Na5 9. Bb3 Nxb3 10. axb3 Be6
11. h3 Qd7 12. d4 exd4 13. exd4 O-O 14. d5 Bxh3 15. gxh3 Qxh3 16. Nh2 Qe3+ 17. Rf2 Nxe4 18. Qf3 Qxf2+ 19. Qxf2 Nxf2 20. Kxf2 a6
21. Re1 Rae8 22. Rxe8 Rxe8 23. Nf3 g5 24. Ne2 Kg7 25. Ned4 Kg6 26. c4 g4 27. Nh4+ Kg5 28. Nhf5 Re5 29. Ng3 h5 30. b4 h4
31. Nge2 Rxe2+ 32. Nxe2 f5 33. c5 f4 34. Nc3 h3 35. Ne4+ Kh4 36. cxd6 cxd6 37. Nxd6 g3+
0-1

[Event "Agarr's SC Free for All 2"]
[Site "SchemingMind.com"]
[Date "2006.04.25"]
[Round "-"]
[White "lacus66"]
[Black "Ivancic"]
[Result "0-1"]
[WhiteCountry "HUN"]
[BlackCountry "AUS"]
[WhiteElo "1700"]
[WhiteRD "206"]
[BlackElo "1794"]
[BlackRD "292"]
[GameID "47870"]

1. d4 Nf6 2. c4 e5 3. dxe5 Ne4 4. a3 Nc6 5. Qd5 Nc5 6. Nd2 d6 7. exd6 Bxd6 8. Ne4 Be6 9. Nxd6+ cxd6 10. Qg5 Nb3
11. Qxd8+ Rxd8
0-1

[Event "Agarr's SC Free for All 2"]
[Site "SchemingMind.com"]
[Date "2006.04.25"]
[Round "-"]
[White "MatdeInverses"]
[Black "Ivancic"]
[Result "1/2-1/2"]
[WhiteCountry "USA"]
[BlackCountry "AUS"]
[WhiteElo "1956"]
[WhiteRD "47"]
[BlackElo "1768"]
[BlackRD "107"]
[GameID "47871"]

1. e4 e5 2. f4 d5 3. exd5 e4 4. d3 Nf6 5. dxe4 Nxe4 6. Nf3 Bc5 7. Qe2 Bf5 8. Nc3 Qe7 9. Be3 Bxe3 10. Qxe3 Nxc3
11. Qxe7+ Kxe7 12. bxc3 Rd8 13. O-O-O Kf8 14. c4 c6 15. Bd3 Bxd3 16. Rxd3 cxd5 17. cxd5 Na6 18. Re1 Nb4 19. Rb3 a5 20. c3 Nd3+
21. Kc2 Nxe1+ 22. Nxe1 Rd7 23. c4 f6 24. Nd3 Rc8 25. Rc3 Rdc7 26. c5 b6 27. d6 Rd7 28. cxb6 Rxc3+ 29. Kxc3 Rxd6 30. b7 Rb6
31. Nc5 Ke7 32. a3 Kd6 33. Kc4 g6 34. g4 h6 35. f5 gxf5 36. gxf5 Rb1 37. Kd4 Rd1+ 38. Kc4 Rb1 39. Kd4 Rd1+=
1/2-1/2

[Event "Agarr's SC Free for All 2"]
[Site "SchemingMind.com"]
[Date "2006.04.25"]
[Round "-"]
[White "welsh-rarebit"]
[Black "Ivancic"]
[Result "0-1"]
[WhiteCountry "WLS"]
[BlackCountry "AUS"]
[WhiteElo "1295"]
[WhiteRD "77"]
[BlackElo "1768"]
[BlackRD "107"]
[GameID "47873"]

1. e4 e5 2. d4 exd4 3. Qxd4 Nc6 4. Qa4 Bc5 5. Bb5 Qf6 6. Be3 Bxe3 7. fxe3 Qxb2 8. Qd4 Nxd4 9. Bd3 Qxa1 10. c3 Ne6
11. a3 Nc5 12. Bc2 Qb2 13. Kd1 d6 14. Ne2 Be6 15. Nd4 Bb3 16. Kd2 Bxc2 17. Nxc2 Nxe4+ 18. Ke2 Qxc2+ 19. Kf3 Nd2+ 20. Nxd2 Qxd2
21. Rb1 Nf6 22. Rxb7 g5 23. Rxc7 h5 24. h3 Nd5 25. Kg3 Nxe3 26. Kf3 f5 27. g4 hxg4+ 28. hxg4 Rh3#
0-1

[Event "Agarr's SC Free for All 2"]
[Site "SchemingMind.com"]
[Date "2006.04.25"]
[Round "-"]
[White "jlowrey"]
[Black "Ivancic"]
[Result "0-1"]
[WhiteCountry "USA"]
[BlackCountry "AUS"]
[WhiteElo "1584"]
[WhiteRD "138"]
[BlackElo "1768"]
[BlackRD "107"]
[GameID "47875"]

1. d4 d5 2. c4 e5 3. dxe5 d4 4. Nf3 Nc6 5. e3 Bb4+ 6. Bd2 dxe3 7. fxe3 Bxd2+ 8. Qxd2 Qxd2+ 9. Nbxd2 Nge7 10. Bd3 Bd7
11. Be4 O-O-O 12. O-O h6 13. a3 Ng6 14. Bxc6 Bxc6 15. Rad1 Rde8 16. Nd4 Nxe5 17. Nxc6 bxc6 18. Rb1 f6 19. h3 Rd8 20. Rf2 Rhe8
21. c5 Nd3 22. Re2 Nxc5 23. Rc1 Rxd2 24. Rxd2 Nb3 25. Rdc2 Nxc1 26. Rxc1 Rxe3 27. Rxc6 Rb3 28. Rc2 Kb7 29. Kf2 Kb6 30. g3 c5
31. h4 Kb5 32. Kg2 c4 33. Kh3 Kc5 34. Kg4 Kd4 35. Kf5 Rxg3 36. h5 Rg5+
0-1

[Event "Agarr's SC Free for All 2"]
[Site "SchemingMind.com"]
[Date "2006.04.25"]
[Round "-"]
[White "TiltingWindmills"]
[Black "Zugzwang"]
[Result "0-1"]
[WhiteCountry "USA"]
[BlackCountry "CAN"]
[WhiteElo "1216"]
[WhiteRD "81"]
[BlackElo "1585"]
[BlackRD "69"]
[GameID "47877"]

1. e4 e5 2. Nf3 Nf6 3. Nc3 Bb4 4. Bc4 O-O 5. d3 Nc6 6. O-O Bxc3 7. bxc3 d5 8. Bg5 dxc4 9. dxc4 Qxd1 10. Raxd1 Bg4
11. Rd3 Nxe4 12. h3 Bxf3 13. Rxf3 Nxg5 14. Rd3 Rad8 15. Rfd1 Rxd3 16. Rxd3 e4 17. Re3 Ne5 18. c5 Rd8 19. h4 Ng4 20. Re2 Rd1+
21. Re1 Rxe1#
0-1

[Event "Agarr's SC Free for All 2"]
[Site "SchemingMind.com"]
[Date "2006.04.25"]
[Round "-"]
[White "TiltingWindmills"]
[Black "agarr"]
[Result "0-1"]
[WhiteCountry "USA"]
[BlackCountry "RUS"]
[WhiteElo "1243"]
[WhiteRD "68"]
[BlackElo "1706"]
[BlackRD "66"]
[GameID "47878"]

1. e4 e5 2. Nf3 Nc6 3. d3 h6 4. Nc3 Bb4 5. Be2 Nf6 6. O-O Bxc3 7. bxc3 O-O 8. Ba3 Re8 9. Rb1 d5 10. d4 dxe4
11. Nd2 exd4 12. cxd4 Nxd4 13. Nb3 Nxe2+ 14. Qxe2 Bg4 15. Qe3 b6 16. Nd4 c5 17. Nf5 Bxf5 18. Rbd1 Qc7 19. Bb2 Qc6 20. Bc3 Nd5
21. Qg3 Nxc3 22. Ra1 Bg6 23. Rfe1 Nd5 24. h3 f5 25. Rad1 f4 26. Qb3 Bf7 27. c4 Nb4 28. Re2 f3 29. Red2 Qg6 30. Qc3 Qxg2#
0-1

[Event "Agarr's SC Free for All 2"]
[Site "SchemingMind.com"]
[Date "2006.04.25"]
[Round "-"]
[White "TiltingWindmills"]
[Black "lacus66"]
[Result "0-1"]
[WhiteCountry "USA"]
[BlackCountry "HUN"]
[WhiteElo "1243"]
[WhiteRD "68"]
[BlackElo "1481"]
[BlackRD "90"]
[GameID "47879"]

1. e4 e5 2. Nf3 Nf6 3. Nc3 Bb4 4. Bc4 Bxc3 5. bxc3 Nxe4 6. d3 Nxc3 7. Qd2 Na4 8. Nxe5 d5 9. Bb5+ Nd7 10. Bxa4 c6
11. Nxd7 Qe7+ 12. Qe3 Bxd7 13. O-O Qxe3 14. Bxe3 b5 15. Bb3 O-O 16. Rfe1 a5 17. Bc5 Rfe8 18. Be3 a4 19. d4 Re7 20. c3 Rae8
21. Bc2 Bg4 22. a3 f5 23. Bd1 f4 24. Bxg4 fxe3 25. fxe3 Rxe3 26. Rf1 Rxc3 27. Bd7 Re7 28. Bg4 Re4 29. Rf5 Rxg4 30. Raf1 h6
31. Rf8+ Kh7 32. g3 Rxd4 33. Kg2 Rxa3 34. h4 b4 35. Kh3 b3 36. Re1 b2 37. Ree8 b1=Q 38. Rh8+ Kg6 39. Re6+ Kf5 40. Rhe8 Qf1+
41. Kh2 Ra2+ 42. Re2 Rxe2+ 43. Rxe2 Qxe2+ 44. Kh3 Rd2 45. h5 Qg4#
0-1

[Event "Agarr's SC Free for All 2"]
[Site "SchemingMind.com"]
[Date "2006.04.25"]
[Round "-"]
[White "TiltingWindmills"]
[Black "MatdeInverses"]
[Result "0-1"]
[WhiteCountry "USA"]
[BlackCountry "USA"]
[WhiteElo "1243"]
[WhiteRD "68"]
[BlackElo "1978"]
[BlackRD "46"]
[GameID "47880"]

1. e4 e5 2. Nf3 d5 3. Nc3 dxe4 4. Nxe4 f5 5. Nc5 Bxc5 6. Bc4 Nc6 7. O-O Nf6 8. d3 Qe7 9. Be3 Bd7 10. b3 a6
11. Ng5 h6 12. Nf3 b5 13. Re1 bxc4 14. dxc4 O-O 15. Bxc5 Qxc5 16. c3 Rad8 17. Qe2 e4 18. Nd4 Nxd4 19. cxd4 Qxd4 20. Rad1 Qb6
21. h3 Bc6 22. Rd2 f4 23. Qd1 Rde8 24. Rd4 f3 25. g3 e3 26. fxe3 Ne4 27. Rf1 Nxg3 28. Rf2 Ne2+ 29. Kf1 Nxd4 30. Qxd4 Qxd4
31. exd4 Re2 32. d5 Rxf2+ 33. Kxf2 Bd7 34. a4 Bxh3 35. b4 g5 36. b5 axb5 37. c5 bxa4 38. Ke3 f2 39. Ke4 f1=Q 40. d6 Qe2+
41. Kd5 Rf5+ 42. Kc6 Qe8+ 43. d7 Bg2+ 44. Kxc7 Rxc5+ 45. Kd6 Qe5#
0-1

[Event "Agarr's SC Free for All 2"]
[Site "SchemingMind.com"]
[Date "2006.04.25"]
[Round "-"]
[White "TiltingWindmills"]
[Black "welsh-rarebit"]
[Result "0-1"]
[WhiteCountry "USA"]
[BlackCountry "WLS"]
[WhiteElo "1243"]
[WhiteRD "68"]
[BlackElo "1330"]
[BlackRD "71"]
[GameID "47882"]

1. e4 e5 2. Nf3 d6 3. Nc3 Nf6 4. Bc4 Be6 5. d3 Bxc4 6. dxc4 Nc6 7. Be3 Ng4 8. Nd5 Be7 9. O-O Nf6 10. Ng5 Nxd5
11. exd5 Bxg5 12. Bxg5 Qxg5 13. dxc6 bxc6 14. b3 h5 15. Qe2 h4 16. Qe3 Qg6 17. h3 Qxc2 18. b4 Qxc4 19. Rfb1 f6 20. a3 f5
21. Rc1 Qd4 22. Rab1 Qxe3 23. fxe3 g5 24. Rxc6 f4 25. Rbc1 fxe3 26. Kf1 O-O+ 27. Ke2 Rf2+ 28. Ke1 Rxg2 29. Rxc7 Rg3 30. R1c3 Rxh3
31. Rd7 g4 32. Rxd6 g3 33. Rg6+ Kf7 34. Rcc6 Rh1+ 35. Ke2 Rg8 36. Rgf6+ Ke7 37. Rce6+ Kd7 38. Rd6+ Kc7 39. Rc6+ Kb8 40. Kxe3 g2
41. Ke4 Re1+ 42. Kd5 Rd8+ 43. Kc5 Rc1+ 44. Kb5 Rxc6 45. Kxc6 g1=Q 46. b5 Qb6#
0-1

[Event "Agarr's SC Free for All 2"]
[Site "SchemingMind.com"]
[Date "2006.04.25"]
[Round "-"]
[White "TiltingWindmills"]
[Black "Ivancic"]
[Result "0-1"]
[WhiteCountry "USA"]
[BlackCountry "AUS"]
[WhiteElo "1216"]
[WhiteRD "81"]
[BlackElo "1768"]
[BlackRD "107"]
[GameID "47884"]

1. e4 e5 2. Nf3 Nc6 3. Nc3 Nf6 4. Bc4 Bc5 5. O-O d6 6. d3 Bg4 7. Bxf7+ Kxf7 8. Bg5 Bxf3 9. Qxf3 h6 10. Be3 Bd4
11. Bxd4 Nxd4 12. b3 Nxf3+ 13. gxf3 Nh5 14. a4 g5 15. Rfe1 Nf4 16. Kf1 g4 17. fxg4 Qh4 18. Nd1 Qh3+ 19. Kg1 Qg2#
0-1

[Event "Agarr's SC Free for All 2"]
[Site "SchemingMind.com"]
[Date "2006.04.25"]
[Round "-"]
[White "TiltingWindmills"]
[Black "jlowrey"]
[Result "0-1"]
[WhiteCountry "USA"]
[BlackCountry "USA"]
[WhiteElo "1243"]
[WhiteRD "68"]
[BlackElo "1614"]
[BlackRD "92"]
[GameID "47885"]

1. e4 c5 2. Nc3 Nc6 3. d3 d6 4. Nf3 e6 5. Bg5 f6 6. Bh4 Be7 7. Be2 f5 8. exf5 Bxh4 9. Nxh4 Qxh4 10. O-O Nf6
11. Bf3 O-O 12. a3 d5 13. Re1 Nd4 14. fxe6 Nxe6 15. g3 Qg5 16. Re2 Nd4 17. Rd2 Nxf3+ 18. Kg2 Nxd2 19. Qe2 Bg4 20. Qe1 d4
21. Nb5 Bf3+ 22. Kg1 Bc6 23. Nc7 Nf3+ 24. Kf1 Nxh2+ 25. Ke2 Bf3#
0-1

[Event "Agarr's SC Free for All 2"]
[Site "SchemingMind.com"]
[Date "2006.04.25"]
[Round "-"]
[White "Zugzwang"]
[Black "TiltingWindmills"]
[Result "1-0"]
[WhiteCountry "CAN"]
[BlackCountry "USA"]
[WhiteElo "1585"]
[WhiteRD "69"]
[BlackElo "1216"]
[BlackRD "81"]
[GameID "47886"]

1. d4 d5 2. Nf3 Nc6 3. e3 Nf6 4. Bd3 e6 5. O-O Bd6 6. Nbd2 O-O 7. c3 Ng4 8. Qe2 Bd7 9. h3 Nf6 10. e4 dxe4
11. Nxe4 Nd5 12. Neg5 h6 13. Qe4 Re8 14. Qh7+ Kf8 15. Qh8+ Ke7 16. Qxg7 Rg8 17. Qxf7#
1-0

[Event "Agarr's SC Free for All 2"]
[Site "SchemingMind.com"]
[Date "2006.04.25"]
[Round "-"]
[White "agarr"]
[Black "TiltingWindmills"]
[Result "1-0"]
[WhiteCountry "RUS"]
[BlackCountry "USA"]
[WhiteElo "1706"]
[WhiteRD "66"]
[BlackElo "1243"]
[BlackRD "68"]
[GameID "47887"]

1. e4 e5 2. Nf3 Nc6 3. Bc4 Nf6 4. Nc3 Bc5 5. Ng5 d6 6. Nxf7 Qe7 7. Nxh8 Bg4 8. f3 Bh5 9. d3 O-O-O 10. Nf7 Bxf7
11. Bxf7 Qxf7 12. Na4 Bb4+ 13. c3 Ba5 14. Be3 Qe6 15. b4 Nxb4 16. cxb4 Bxb4+ 17. Bd2 b5 18. Bxb4 bxa4 19. Qxa4 Nd7 20. Qa6+ Kb8
21. O-O Nb6 22. Rab1 h5 23. a4 Qd7 24. a5 g6 25. axb6 axb6 26. Ba5 Qc6 27. Bxb6 cxb6 28. Rxb6+ Kc7 29. Rxc6+ Kb8 30. Rb6+ Kc7
31. Qb7#
1-0

[Event "Agarr's SC Free for All 2"]
[Site "SchemingMind.com"]
[Date "2006.04.25"]
[Round "-"]
[White "lacus66"]
[Black "TiltingWindmills"]
[Result "1-0"]
[WhiteCountry "HUN"]
[BlackCountry "USA"]
[WhiteElo "1481"]
[WhiteRD "90"]
[BlackElo "1243"]
[BlackRD "68"]
[GameID "47888"]

1. d4 d5 2. e4 dxe4 3. Nc3 Nf6 4. f3 exf3 5. Nxf3 Bf5 6. Bd3 e6 7. Bg5 Bd6 8. Bxf5 exf5 9. Nd5 h6 10. Bxf6 Qd7
11. Bxg7 Rh7 12. Nf6+ Kd8 13. Nxd7 Nxd7 14. Be5 Bb4+ 15. c3 f6 16. Bxc7+ Kxc7 17. cxb4 Re7+ 18. Kf2 Rae8 19. Re1 f4 20. Rc1+ Kd8
21. Qa4 Rg7 22. Qa5+ b6 23. Qxa7 b5 24. Qa8+ Nb8 25. Qxb8+ Kd7 26. Qc7#
1-0

[Event "Agarr's SC Free for All 2"]
[Site "SchemingMind.com"]
[Date "2006.04.25"]
[Round "-"]
[White "MatdeInverses"]
[Black "TiltingWindmills"]
[Result "1-0"]
[WhiteCountry "USA"]
[BlackCountry "USA"]
[WhiteElo "1978"]
[WhiteRD "46"]
[BlackElo "1243"]
[BlackRD "68"]
[GameID "47889"]

1. e4 e5 2. f4 Nc6 3. Nf3 d6 4. d4 Nf6 5. d5 Bg4 6. dxc6 bxc6 7. Nc3 d5 8. fxe5 Nd7 9. exd5 cxd5 10. Qxd5 Be6
11. Qe4 Nc5 12. Bb5+ Bd7 13. Bxd7+ Qxd7 14. Qxa8+ Qd8 15. Qxd8+ Kxd8 16. Bg5+ Be7 17. O-O-O+ Ke8 18. Bxe7 Kxe7 19. Nd5+ Ke6 20. Nxc7+ Ke7
21. Nb5 Rb8 22. Nxa7 Ke6 23. Nc6 Rb6 24. Ncd4+ Ke7 25. Rhe1 Kd7 26. Nb3+ Kc6 27. Rd6+ Kc7 28. Nxc5 Rxd6 29. exd6+ Kxd6 30. b4 Kc6
31. a4 Kd5 32. Re4 f5 33. c4+ Kd6 34. Re6+ Kc7 35. a5 h6 36. a6 g5 37. Nd4 f4 38. a7 h5 39. a8=Q g4 40. Qb7+ Kd8
41. Qd7#
1-0

[Event "Agarr's SC Free for All 2"]
[Site "SchemingMind.com"]
[Date "2006.04.25"]
[Round "-"]
[White "welsh-rarebit"]
[Black "TiltingWindmills"]
[Result "1-0"]
[WhiteCountry "WLS"]
[BlackCountry "USA"]
[WhiteElo "1330"]
[WhiteRD "71"]
[BlackElo "1243"]
[BlackRD "68"]
[GameID "47891"]

1. e4 e5 2. Nc3 Nf6 3. d4 Nc6 4. d5 Nd4 5. Be3 Bc5 6. Nb5 d6 7. Bxd4 exd4 8. Qd3 Bd7 9. Na3 Bb4+ 10. Kd1 Bg4+
11. f3 Bh5 12. Qb5+ Nd7 13. Qxb4 c5 14. Qxb7 O-O 15. Bb5 Nb6 16. Ba6 h6 17. Nb5 c4 18. Nxa7 Re8 19. Nc6 Qd7 20. Qxb6 Rf8
21. Bxc4 Rfe8 22. Qxd4 Bg6 23. Ne2 Qb7 24. b3 Rac8 25. Nc3 Qd7 26. Bb5 Rc7 27. Na5 Qc8 28. Bxe8 Qxe8 29. Re1 Ra7 30. Qxa7 Kf8
31. Qc7 Bh5 32. Nc6 Bg6 33. Qxd6+ Kg8 34. Qb4 h5 35. Qb5 Qd7 36. Na4 Kh7 37. Nd4 Qxb5 38. Nxb5 h4 39. Nd4 Kh6 40. Nf5+ Kh7
41. d6 f6 42. d7 Bh5 43. Ng3 g6 44. Nxh5 gxh5 45. d8=Q Kh6 46. Qxf6+ Kh7 47. e5 Kg8 48. e6 Kh7 49. e7 Kg8 50. e8=Q+ Kh7
51. Qeg6#
1-0

[Event "Agarr's SC Free for All 2"]
[Site "SchemingMind.com"]
[Date "2006.04.25"]
[Round "-"]
[White "Ivancic"]
[Black "TiltingWindmills"]
[Result "1-0"]
[WhiteCountry "AUS"]
[BlackCountry "USA"]
[WhiteElo "1790"]
[WhiteRD "99"]
[BlackElo "1220"]
[BlackRD "71"]
[GameID "47893"]

1. e4 e5 2. Nf3 Nc6 3. d4 d6 4. d5 Nce7 5. Nc3 Nf6 6. Bc4 Ng6 7. Bb5+ Nd7 8. Bxd7+ Bxd7 9. O-O Be7 10. Be3 O-O
11. Ne2 Bb5 12. b3 a6 13. c4 Bd7 14. a4 c6 15. b4 Bf6 16. a5 h6 17. Bb6 Qe7 18. c5 cxd5 19. exd5 e4 20. Nfd4 dxc5
21. Bxc5 Qd8 22. Bxf8 Qxf8 23. Ng3 Qe8 24. Re1 Rc8 25. Nxe4 Be7 26. d6 Bd8 27. Nc5 Qf8 28. Nxd7 Qxd6 29. Nf5 Qc6 30. Re8+ Kh7
31. Nf8+ Nxf8 32. Rxd8 Rc7 33. Rxf8 Qc2 34. Qxc2 Rxc2 35. Rxf7 Kg6 36. Rxg7+ Kxf5 37. Rxb7 Ke4 38. Rb6 Kd4 39. Rxa6 Kc4 40. Rb6 Kb3
41. g3 Kb2 42. Re1 Kb3 43. a6 Kc3 44. Rc6+ Kd2 45. Rxc2+ Kxc2 46. Re3 Kd2 47. a7 Kc2 48. a8=Q Kb2 49. Qa3+ Kc2 50. Re2+ Kd1
51. Qd3+
1-0

[Event "Agarr's SC Free for All 2"]
[Site "SchemingMind.com"]
[Date "2006.04.25"]
[Round "-"]
[White "jlowrey"]
[Black "TiltingWindmills"]
[Result "1-0"]
[WhiteCountry "USA"]
[BlackCountry "USA"]
[WhiteElo "1614"]
[WhiteRD "92"]
[BlackElo "1243"]
[BlackRD "68"]
[GameID "47894"]

1. d4 d5 2. c4 Nf6 3. Nc3 e6 4. Bg5 Bd6 5. Nf3 dxc4 6. e3 Nc6 7. Bxc4 O-O 8. e4 Bb4 9. O-O Re8 10. e5 Ng4
11. Bxd8 Nxd8 12. Qa4 Nc6 13. Bb5 Rd8 14. Bxc6 bxc6 15. Qxb4 Ba6 16. Rfe1 h6 17. h3 Ne3 18. Rxe3 Rab8 19. Qa5 Bb7 20. Qxc7 g6
21. b4 Rdc8 22. Qa5 a6 23. Na4 Re8 24. Nc5 Bc8 25. Ne4 Rb5 26. Qa3 Bd7 27. Nf6+ Kf8 28. Nxd7+ Ke7 29. Nf6 Rd8 30. Rc3 Rc8
31. Rac1 Kf8 32. Rxc6 Rxc6 33. Rxc6 Ke7 34. Qxa6 Rxb4 35. Rc7+ Kd8 36. Rc8+ Ke7 37. Qd6#
1-0